Govt. of
Madhya Pradesh

Hinduism's Human Face (Record no. 14975)

MARC details
000 -LEADER
fixed length control field 003340000a22001570004500
001 - CONTROL NUMBER
control field 003069
003 - CONTROL NUMBER IDENTIFIER
control field MACL
040 ## - CATALOGING SOURCE
Original cataloging agency MACL
090 ## - LOCALLY ASSIGNED LC-TYPE CALL NUMBER (OCLC); LOCAL CALL NUMBER (RLIN)
-- 15062
-- 15061
100 ## - MAIN ENTRY--PERSONAL NAME
Personal name Sondhi, M.L.
245 ## - TITLE STATEMENT
Title Hinduism's Human Face
Statement of responsibility, etc. M.L. Sondhi
260 ## - PUBLICATION, DISTRIBUTION, ETC. (IMPRINT)
Place of publication, distribution, etc. Manak Publications,
Date of publication, distribution, etc. 2002
350 ## - PRICE (NR) (BK AM CF MU VM SE) [OBSOLETE]
Price 700
650 ## - SUBJECT ADDED ENTRY--TOPICAL TERM
Topical term or geographic name as entry element Religion
942 ## - ADDED ENTRY ELEMENTS (KOHA)
Call number prefix 295
Koha item type Library Membar
Holdings
Withdrawn status Lost status Source of classification or shelving scheme Damaged status Not for loan Home library Current library Date acquired Cost, normal purchase price Total Checkouts Full call number Barcode Date last seen Uniform Resource Identifier Price effective from Koha item type
          MACL MACL 15/04/2015 700.00   294.5 SON CRE015381 02/05/2024 14864 15/04/2015 Books